MARC

LEADER 00000nam0a2200000 4500
001 168381
005 20231031163108.0
010 |a 5020060364 
035 |a (RuTPU)RU\TPU\book\182693 
090 |a 168381 
100 |a 20091028d1990 k y0rusy50 ca 
101 0 |a rus 
102 |a RU 
105 |a a z 001zy 
200 1 |a Металлические монокристаллы  |e сборник научных трудов  |f Академия наук СССР (АН СССР), Институт металлургии им. А. А. Байкова (ИМЕТ); под ред. Г. Г. Девятых; Г. С. Бурханова 
210 |a Москва  |c Наука  |d  1990 
215 |a 247 с.  |c ил. 
320 |a Библиография в конце статей 
610 1 |a металлические монокристаллы 
610 1 |a редкие металлы 
610 1 |a электрические свойства 
610 1 |a магнитные свойства 
610 1 |a оптические свойства 
610 1 |a механические свойства 
610 1 |a теплофизические свойства 
610 1 |a примесный состав 
610 1 |a сборники 
675 |a 669:548  |v 3 
702 1 |a Девятых  |b Г. Г.  |4 340 
702 1 |a Бурханов  |b Г. С.  |4 340 
712 0 2 |a Академия наук СССР (АН СССР)  |b Институт металлургии им. А. А. Байкова (ИМЕТ)  |c (Москва)  |2 stltpush  |3 (RuTPU)RU\TPU\col\312 
801 1 |a RU  |b 63413507  |c 20091028 
801 2 |a RU  |b 63413507  |c 20100126  |g RCR 
942 |c BK